Sports Quiz

Random Sports or Football Quiz

Joueurs passés par le Bayern Munich et la ligue 1 Quiz Stats

 Plays Quiz not verified by Sporcle

Support Sporcle.
Go Orange.
Score 0/26 Timer 12:00
0 Plays Today
Pays Joueur % Correct
FranceBixente Lizarazu
89.3%
FranceWilly Sagnol
87%
FranceFranck Ribéry
85.1%
FranceKingsley Coman
84.2%
FranceCorentin Tolisso
81.9%
FranceBenjamin Pavard
79.1%
ColombieJames Rodriguez
67.4%
BrésilDante
63.3%
BelgiqueDaniel Van Buyten
61.9%
BrésilGiovane Elber
56.3%
FranceValerien Ismaël
52.1%
AllemagneJürgen Klinsmann
51.6%
EspagneJuan Bernat
48.8%
Pays Joueur % Correct
BrésilLuiz Gustavo
45.6%
FranceJean-Pierre Papin
41.4%
PortugalRenato Sanches
33%
AllemagneDiego Contento
25.6%
AllemagneGernot Rohr
12.2%
DanemarkSoren Lerby
3.6%
République TchèqueDavid Jarolim
2.3%
AllemagneUdo Horsmann
1.8%
AllemagneRoland Wohlfarth
1.8%
SuèdeJohnny Ekstrom
1.8%
AllemagneErich Maas
0.6%
AllemagneFranz Michelberger
0%
AllemagneNorbert Nachtweih
0%

You're not logged in!

Compare scores with friends on all Sporcle quizzes.
OR
Log In

From the Vault

Giant Laddyrinth Escapade

by sproutcm

This is one a-maze-ing adventure!
Remove Ads.
Support Sporcle.
Get the best of Sporcle when you Go Orange. This ad-free experience offers more features, more stats, and more fun while also helping to support Sporcle. Thank you for becoming a member.

Show Comments

Extras

Top Quizzes Today


Score Distribution

Your Account Isn't Verified!

In order to create a playlist on Sporcle, you need to verify the email address you used during registration. Go to your Sporcle Settings to finish the process.

Report this User

Report this user for behavior that violates our Community Guidelines.

Details: